00478nam a2200157Ia 4500001000500000003000500005005001700010008004100027010001100068040000900079100007500088245008900163260003500252300000900287650002400296Z_42CHAP20220920194109.0220113s1987 xx 000 0 und d a163008 cCHAP aGroupement National Interprofessionnel des Semences et Plants. París aLa graminée fourragére qui réussit partout: la fétuque elevée /cpor GNIS aParis :bLe Groupement,c1987 a8 p. aFestuca arundinacea